| 000 | 00576nam a2200217Ia 4500 | ||
|---|---|---|---|
| 008 | 170203s9999 xx 000 0 und d | ||
| 020 | _a9780545383714 | ||
| 050 | _a413 | ||
| 050 | _bP739 2012 | ||
| 245 | _aScholastic pocket dictionary / | ||
| 245 | _cScholastic Inc. | ||
| 260 | _aNew York, N.Y. : | ||
| 260 | _bScholastic, Inc. | ||
| 260 | _c2012 | ||
| 300 | _avi, 666 pages ; | ||
| 300 | _c20 cm. | ||
| 500 | _a"More than 13,000 definitions!"--Cover. | ||
| 650 | _aEnglish language -- | ||
| 650 | _aEnglish language. | ||
| 650 | _xDictionaries, Juvenile. | ||
| 999 |
_c305590 _d305590 |
||